000 00536nam a2200169 a 4500
001 000044777
005 20201002045623.0
008 150109s2014 dr a 000 0 spa d
020 _a9789945888614
040 _aDO-SdBNP
_bspa
_cBNPHU
082 _axxxxxx
_bxxxxxx
100 1 _aFormerio Rodríguez
_972792
245 1 0 _aBocachica 84 memorias /
_cFormerio Rodríguez.
260 _aSanto Domingo :
_bAmor internacional,
_c2014.
300 _a116 p. :
_bil. ;
_c22 cm.
500 _aIncluye datos biográficos del autor en la contracubierta
999 _c44266
_d44266